书目信息 |
| 题名: |
公务员完全健康手册
|
|
| 作者: | ;金海豚第四医学工作室 主编 | |
| 分册: | ||
| 出版信息: | 赤峰 内蒙古科学技术出版社 2003.08 |
|
| 页数: | 218页 | |
| 开本: | 21cm | |
| 丛书名: | ||
| 单 册: | ||
| 中图分类: | R161-62 | |
| 科图分类: | ||
| 主题词: | 国家机关工作人员--保健--基本知识 , 国家机关工作人员 , 保健 | |
| 电子资源: | ||
| ISBN: | 7-5380-1099-8 | |
| 000 | 00922nam0 2200265 450 | |
| 001 | 200803 | |
| 005 | 20070531094554.12 | |
| 010 | @a7-5380-1099-8@dCNY16.00 | |
| 100 | @a20030728d2003 em y0chiy0110 ea | |
| 101 | 0 | @achi |
| 102 | @aCN@b150000 | |
| 105 | @ay z 000yy | |
| 200 | 1 | @a公务员完全健康手册@AGong Wu Yuan Wan Quan Jian Kang Shou Ce@f金海豚第四医学工作室主编@FJin Hai Tun Di Si Yi Xue Gong Zuo Shi Zhu Bian |
| 210 | @a赤峰@c内蒙古科学技术出版社@d2003.08 | |
| 215 | @a218页@d21cm | |
| 300 | @a响沙图书 | |
| 330 | @a本手册介绍了常见病防治、精神卫生、心理卫生和适合公务员的日常保健、中医养生、体育健身等知识。 | |
| 606 | 0 | @a国家机关工作人员@x保健@x基本知识 |
| 606 | 0 | @a国家机关工作人员 |
| 606 | 0 | @a保健 |
| 690 | @aR161-62@v4 | |
| 711 | 02 | @a金海豚第四医学工作室@AJin Hai Tun Di Si Yi Xue Gong Zuo Shi@4主编 |
| 801 | 0 | @aCN@bBJSWSY@c20070531 |
| 905 | @aBZT@dR161-62@e10 | |
| 906 | @dCNY16.00@n0@r1 | |
| 公务员完全健康手册/金海豚第四医学工作室主编.-赤峰:内蒙古科学技术出版社,2003.08 |
| 218页;21cm |
| 响沙图书 |
| ISBN 7-5380-1099-8:CNY16.00 |
| 本手册介绍了常见病防治、精神卫生、心理卫生和适合公务员的日常保健、中医养生、体育健身等知识。 |
| ● |
| 相关链接 |
|
|
|
正题名:公务员完全健康手册
索取号:R161-62/10
 
预约/预借
| 序号 | 登录号 | 条形码 | 馆藏地/架位号 | 状态 | 备注 |
| 1 | 534414 | 230142857 | 中心书库中库/ 中库001架B面5列7层74/ [索取号:R161-62/10] | 在馆 | |
| 2 | 534415 | 230142858 | 中心书库中库/ 中库001架B面5列7层77/ [索取号:R161-62/10] | 在馆 | |
| 3 | 534416 | 230142850 | 中心书库中库/ 中库001架B面5列7层76/ [索取号:R161-62/10] | 在馆 | |
| 4 | 534417 | 230142851 | 中心书库中库/ 中库001架B面5列6层62/ [索取号:R161-62/10] | 在馆 | |
| 5 | 534418 | 230142848 | 中心书库中库/ 中库001架B面5列6层61/ [索取号:R161-62/10] | 在馆 | |
| 6 | 534419 | 230142852 | 中心书库中库/ 中库001架B面5列7层79/ [索取号:R161-62/10] | 在馆 | |
| 7 | 534420 | 230142849 | 中心书库中库/ 中库001架B面5列7层73/ [索取号:R161-62/10] | 在馆 | |
| 8 | 534421 | 230142853 | 中心书库中库/ 中库001架B面5列7层78/ [索取号:R161-62/10] | 在馆 | |
| 9 | 534422 | 230142856 | 中心书库中库/ 中库001架B面5列7层72/ [索取号:R161-62/10] | 在馆 | |
| 10 | 534423 | 230142855 | 中心书库中库/ 中库001架B面5列7层75/ [索取号:R161-62/10] | 在馆 |